[Event "FINAL MISTRZOSTW POLSKI JUNIOROW 2018 - GRUPA  C16"]
[Site "Jastrzebia Gora"]
[Date "1899-12-30"]
[Round "9.3"]
[White "Fus, Jakub"]
[Black "Psyk, Radoslaw"]
[Result "1/2-1/2"]
[WhiteTitle "I++"]
[BlackTitle "k++"]
[WhiteElo "2194"]
[BlackElo "2313"]

1. d4 Nf6 2. c4 e6 3. Nf3 d5 4. g3 Bb4+ 5. Bd2 Be7 6. Bg2 O-O 7. O-O Nc6 8. e3
Ne4 9. Bc1 dxc4 10. Qe2 Nd6 11. Ne5 Bd7 12. Na3 Be8 13. Nxc6 Bxc6 14. Bxc6 bxc6
15. Nxc4 Nxc4 16. Qxc4 Qd5 17. Qe2 Rab8 18. Rd1 f5 19. Rd2 Rfd8 20. Rc2 c5 21.
Bd2 cxd4 22. exd4 Bf6 23. Bf4 Rb4 24. Bxc7 Rc8 25. Be5 Rxc2 26. Qxc2 Bxe5 27.
dxe5 Qxe5 28. Qc3 Qxc3 29. bxc3 Rb2 30. a4 Kf7 31. Rd1 Ke7 32. Rd4 Rc2 33. Rb4
Kf6 34. Rb7 a5 35. Rb5 Rxc3 36. Rxa5 Ra3 37. Ra6 1/2-1/2

[Event "FINAL MISTRZOSTW POLSKI JUNIOROW 2018 - GRUPA  C16"]
[Site "Jastrzebia Gora"]
[Date "1899-12-30"]
[Round "9.4"]
[White "Pytel, Maciej"]
[Black "Mis, Mieszko"]
[Result "1/2-1/2"]
[WhiteTitle "I+"]
[BlackTitle "FM"]
[WhiteElo "2037"]
[BlackElo "2306"]

1. e4 c6 2. d3 d5 3. Nd2 e5 4. Ngf3 Bd6 5. d4 exd4 6. exd5 cxd5 7. Nxd4 Nc6 8.
N2f3 Nge7 9. c3 Bg4 10. Be2 O-O 11. h3 Bh5 12. Be3 Re8 13. O-O Qd7 14. Qd2 Rad8
15. Rad1 Nxd4 16. Nxd4 Bxe2 17. Nxe2 Nf5 18. Bd4 Qe6 19. Rfe1 Qg6 20. Qd3 Re4
21. Kf1 Nxd4 22. cxd4 Bb4 23. f3 Bxe1 24. fxe4 dxe4 25. Qe3 Bh4 26. Kg1 Bg5 27.
Qb3 b6 28. Kh1 Qd6 29. Qb5 h6 30. a3 Rc8 31. Nc3 e3 32. Qf5 Re8 33. Qf3 Qf4 34.
Qxf4 Bxf4 35. Ne2 Bd6 36. Rc1 Kf8 37. g3 g5 38. Kg2 h5 39. Rc6 Re6 40. Rc8+ Kg7
41. Rc3 f5 42. h4 gxh4 43. gxh4 Re4 44. Rc6 Rg4+ 45. Kf3 Rg6 46. Rc8 f4 47. Rd8
Kf7 48. Rh8 Rg8 49. Rh6 Rd8 50. Rxh5 Rc8 51. Nc3 Bxa3 52. Nb5 Bb4 53. Rf5+ Kg6
54. Rxf4 Rc2 55. Re4 Bd2 56. Nxa7 Rxb2 57. d5 Bc1 58. d6 Rf2+ 59. Kg3 Rd2 60.
Rxe3 1/2-1/2

[Event "FINAL MISTRZOSTW POLSKI JUNIOROW 2018 - GRUPA  C16"]
[Site "Jastrzebia Gora"]
[Date "1899-12-30"]
[Round "9.5"]
[White "Wierzbicki, Michal"]
[Black "Godzwon, Iwo"]
[Result "0-1"]
[WhiteTitle "I"]
[BlackTitle "k"]
[WhiteElo "1867"]
[BlackElo "2222"]

1. d4 Nf6 2. Nf3 g6 3. Bg5 Bg7 4. Nbd2 O-O 5. c3 d5 6. e3 Nbd7 7. Be2 Re8 8. O-O
e5 9. Nb3 c6 10. dxe5 Nxe5 11. Nxe5 Rxe5 12. Bf4 Re8 13. h3 Ne4 14. Nd2 Nc5 15.
Rc1 Qb6 16. b4 Ne6 17. Bd6 Rd8 18. Be7 Re8 19. Bd6 a5 20. Qb3 axb4 21. cxb4 Nd4
22. exd4 Rxe2 23. Rfe1 Rxe1+ 24. Rxe1 Be6 25. Bc5 Qa6 26. Nf3 b6 27. Bd6 Qxa2
28. Qxa2 Rxa2 29. Rc1 Bd7 30. Ne5 Ra7 31. Nxd7 Rxd7 32. Rxc6 Bxd4 33. Bc7 b5 34.
Bb6 Bb2 35. Rc2 Bf6 36. Rd2 d4 37. Rd3 Be7 38. Rxd4 Rxd4 39. Bxd4 Bxb4 40. Kf1
Kf8 41. Ke2 Ke7 42. Kd3 Kd6 43. Bb2 Kd5 44. f3 Bd6 45. Bc3 b4 46. Bd2 b3 47. Bg5
Be5 48. g4 f6 49. Bd2 f5 50. gxf5 gxf5 51. Be3 Ke6 52. Bd2 Kf7 53. f4 Bf6 54.
Be1 Ke6 55. Bd2 Kd5 56. Be3 b2 57. Kc2 Ke4 58. Bd2 Ke5 0-1

[Event "FINAL MISTRZOSTW POLSKI JUNIOROW 2018 - GRUPA  C16"]
[Site "Jastrzebia Gora"]
[Date "1899-12-30"]
[Round "9.6"]
[White "Kokoszczynski, Jan"]
[Black "Piekielny, Pawel"]
[Result "1-0"]
[WhiteTitle "k"]
[BlackTitle "I"]
[WhiteElo "2108"]
[BlackElo "1787"]

1. e4 e6 2. d4 d5 3. Nd2 Nf6 4. e5 Nfd7 5. Bd3 c5 6. c3 Nc6 7. Ne2 cxd4 8. cxd4
f6 9. exf6 Nxf6 10. Nf3 Bd6 11. O-O Qc7 12. Bg5 O-O 13. Qc2 Nb4 14. Qxc7 Bxc7
15. Bb1 Bd7 16. Re1 Bb6 17. a3 Nc6 18. Bd3 Ne4 19. Be3 Nd6 20. Bf4 Nf5 21. Ne5
Nfxd4 22. Nxd7 Nxe2+ 23. Rxe2 Rxf4 24. Nxb6 axb6 25. Rxe6 Rd4 26. Rd1 Kf7 27.
Re3 b5 28. g3 b4 29. axb4 Rxb4 30. Bxh7 d4 31. Rf3+ Ke7 32. Be4 Rxb2 33. Bxc6
bxc6 34. Rxd4 c5 35. Re3+ Kf8 36. Rf4+ Kg8 37. Re7 Rf8 38. Rxf8+ Kxf8 39. Rc7
Rc2 40. h4 Kg8 41. Kg2 Kh7 42. h5 c4 43. g4 c3 44. g5 Kg8 45. g6 Kf8 46. Rc8+
Ke7 47. h6 Kf6 48. h7 Rc1 49. h8=Q c2 50. Qf8+ Kxg6 51. Rc6+ Kh7 52. Qf5+ Kg8
53. Rc8# 1-0

[Event "FINAL MISTRZOSTW POLSKI JUNIOROW 2018 - GRUPA  C16"]
[Site "Jastrzebia Gora"]
[Date "1899-12-30"]
[Round "9.7"]
[White "Lis, Mateusz"]
[Black "Kopaczewski, Adam"]
[Result "1-0"]
[WhiteTitle "k"]
[BlackTitle "I+"]
[WhiteElo "2132"]
[BlackElo "1996"]

1. e4 e5 2. Nf3 Nc6 3. d4 exd4 4. Nxd4 Bc5 5. Nxc6 Qf6 6. Qe2 Qxc6 7. Nc3 Ne7 8.
Bd2 b6 9. Nd5 a5 10. Bc3 O-O 11. Qg4 f6 12. Bc4 Kh8 13. Nxe7 Bxe7 14. Bd5 Qb5
15. Bxa8 c6 16. O-O-O Qa6 17. Qg3 Qxa8 18. e5 fxe5 19. Qxe5 Rf7 20. Rhe1 d5 21.
Qc7 Bd7 22. Qxb6 a4 23. Rd3 c5 24. Rxe7 Rxe7 25. Qxc5 Qe8 26. Rxd5 Bc6 27. Rd1
Bxg2 28. Qb6 Qf7 29. Rd8+ Re8 30. Rxe8+ Qxe8 31. Qd4 Qf8 32. Qxa4 Bd5 33. Qd4
Qf7 34. a4 Kg8 35. b3 Kf8 36. Kb2 Qb7 37. a5 g6 38. a6 Qc6 39. Qh8+ Ke7 40. Qxh7+
Bf7 41. a7 Qa6 42. Qh4+ Kd7 43. Qd4+ Kc8 44. Qh8+ Kb7 45. Qb8+ 1-0

[Event "FINAL MISTRZOSTW POLSKI JUNIOROW 2018 - GRUPA  C16"]
[Site "Jastrzebia Gora"]
[Date "1899-12-30"]
[Round "9.8"]
[White "Polczyk, Mikolaj"]
[Black "Kozak, Antoni"]
[Result "0-1"]
[WhiteTitle "I+"]
[BlackTitle "k"]
[WhiteElo "2051"]
[BlackElo "2148"]

1. e4 d6 2. d4 Nf6 3. Nc3 e5 4. Nf3 Nbd7 5. Bc4 Be7 6. O-O O-O 7. Re1 c6 8. h3
b5 9. Bd3 a6 10. Ne2 Re8 11. c3 Bf8 12. Ng3 Bb7 13. Nf5 exd4 14. cxd4 c5 15. d5
c4 16. Bc2 Nc5 17. Qd4 Bc8 18. g4 Bxf5 19. gxf5 Nfd7 20. Bf4 g6 21. fxg6 hxg6
22. Rad1 Bg7 23. Qd2 Qb6 24. b4 Nb7 25. Be3 Qd8 26. Bd4 Ne5 27. Nxe5 dxe5 28.
Bc3 Nd6 29. Qe2 Bh6 30. Qg4 Ra7 31. Kh1 Qf6 32. f3 Bf4 33. Kg2 Kg7 34. Rh1 Rh8
35. h4 Rh5 36. Kf2 Ra8 37. Rh3 Rah8 38. Rdh1 Kf8 39. Ke2 Qd8 40. a3 Qb6 41. Bd2
Bxd2 42. Kxd2 Qf2+ 43. Kc1 Qe3+ 44. Kd1 c3 45. R1h2 Nc4 46. Re2 Qd4+ 47. Ke1 Rxh4
48. Rxh4 Rxh4 49. Qg2 Ne3 0-1

[Event "FINAL MISTRZOSTW POLSKI JUNIOROW 2018 - GRUPA  C16"]
[Site "Jastrzebia Gora"]
[Date "1899-12-30"]
[Round "9.9"]
[White "Warchol, Bartosz"]
[Black "Szczurek, Krzysztof"]
[Result "0-1"]
[WhiteTitle "I++"]
[BlackTitle "FM"]
[WhiteElo "1969"]
[BlackElo "2089"]

1. d4 c5 2. d5 Nf6 3. c4 e6 4. Nc3 exd5 5. cxd5 d6 6. e4 g6 7. Nf3 Bg7 8. Bd3 O-O
9. O-O Na6 10. Re1 Nc7 11. Bf4 a6 12. a4 Rb8 13. h3 b5 14. axb5 axb5 15. Qd2 b4
16. Ne2 Re8 17. Ng3 Rb6 18. Bc4 Ba6 19. Qd3 Bxc4 20. Qxc4 Nd7 21. Re2 h6 22. Rae1
Qf6 23. e5 dxe5 24. Nxe5 Nxe5 25. Bxe5 Rxe5 26. Rxe5 Qd6 27. R5e2 Qxd5 28. Qxd5
Nxd5 29. Rc1 Bd4 30. Rd2 Nf6 31. Kf1 h5 32. h4 Kg7 33. Ke2 Re6+ 34. Kd3 Ng4 35.
Rf1 Ne5+ 36. Kc2 Nc4 37. Re2 b3+ 38. Kxb3 Rxe2 39. Nxe2 Nd2+ 40. Kc2 Nxf1 41.
Nxd4 cxd4 42. Kd3 Kf6 43. Kxd4 Nh2 44. f3 Nf1 45. b4 Ng3 46. b5 Ke6 47. b6 Kd6
48. b7 Kc7 49. Ke5 Nf5 50. g4 Nxh4 51. gxh5 gxh5 52. Kf4 Nxf3 53. Kxf3 f5 54.
Kf4 h4 55. Kf3 Kxb7 56. Kg2 f4 57. Kf3 h3 58. Kf2 Kc6 59. Kg1 f3 60. Kf2 h2 0-1

[Event "FINAL MISTRZOSTW POLSKI JUNIOROW 2018 - GRUPA  C16"]
[Site "Jastrzebia Gora"]
[Date "1899-12-30"]
[Round "9.10"]
[White "Nowak, Mikolaj"]
[Black "Galuszka, Tomasz"]
[Result "1-0"]
[WhiteTitle "I++"]
[BlackTitle "I+"]
[WhiteElo "2065"]
[BlackElo "2038"]

1. f4 d5 2. Nf3 Nf6 3. g3 g6 4. Bg2 Bg7 5. O-O O-O 6. d3 c6 7. e3 Qb6 8. Nc3 Na6
9. Qe2 Nd7 10. d4 f5 11. a3 e6 12. b4 Qd8 13. Bd2 Nc7 14. Ne5 Nxe5 15. fxe5 b6
16. Rfb1 Ba6 17. Qf2 Rf7 18. a4 Bc4 19. b5 c5 20. Nd1 cxd4 21. exd4 Rc8 22. Ne3
g5 23. Nxc4 dxc4 24. c3 h6 25. Bb7 Rb8 26. Bc6 Nd5 27. Qe2 Ne7 28. Bg2 Rc8 29.
Rb4 Qc7 30. Bf1 f4 31. Rxc4 Qb7 32. Rxc8+ Nxc8 33. gxf4 gxf4 34. Bh3 f3 35. Qf2
Qd5 36. c4 Qe4 37. Kh1 Kh8 38. Bxe6 Rf8 39. Re1 Qc2 40. Rg1 Ne7 41. Rxg7 1-0

[Event "FINAL MISTRZOSTW POLSKI JUNIOROW 2018 - GRUPA  C16"]
[Site "Jastrzebia Gora"]
[Date "1899-12-30"]
[Round "9.11"]
[White "Golecki, Jan"]
[Black "Musial, Tomasz"]
[Result "0-1"]
[WhiteTitle "I++"]
[BlackTitle "I++"]
[WhiteElo "1850"]
[BlackElo "2130"]

1. e4 d6 2. d4 Nf6 3. Nc3 g6 4. Bc4 Bg7 5. Nf3 O-O 6. Qe2 c6 7. e5 dxe5 8. dxe5
Nd5 9. Bd2 Bg4 10. h3 Bxf3 11. gxf3 e6 12. h4 h5 13. Bd3 Nd7 14. f4 Nc5 15. Be4
Ne7 16. O-O-O Qc7 17. Rhg1 Nf5 18. Bxf5 exf5 19. Qc4 Ne6 20. Be3 Qe7 21. Rg3 Rfd8
22. Rdg1 Rac8 23. Ne2 b5 24. Qb3 Kh7 25. c3 a6 26. Nd4 Nxd4 27. cxd4 Rd5 28. Kb1
Bf8 29. Rc1 Qe6 30. Rgg1 Be7 31. Rh1 a5 32. f3 a4 33. Qc2 Bf8 34. Qf2 Qd7 35.
Rc2 Re8 36. Rhc1 Re6 37. Qe1 b4 38. Rc4 Rb5 39. Bd2 Qd5 40. Bxb4 Bxb4 41. Rxb4
Qxf3 42. Rxb5 Qd3+ 43. Ka1 Qxb5 44. Qc3 Qe2 45. Qb4 Qe3 46. Rf1 Qh3 47. Qe1 Re7
48. Qf2 a3 49. Rc1 axb2+ 50. Kxb2 Rb7+ 51. Ka1 Qd3 52. Qg1 Qd2 0-1

[Event "FINAL MISTRZOSTW POLSKI JUNIOROW 2018 - GRUPA  C16"]
[Site "Jastrzebia Gora"]
[Date "1899-12-30"]
[Round "9.12"]
[White "Pniaczek, Marek"]
[Black "Posluszny, Tomasz"]
[Result "1/2-1/2"]
[WhiteTitle "CM"]
[BlackTitle "I+"]
[WhiteElo "2239"]
[BlackElo "1892"]

1. e4 c5 2. Nf3 e6 3. d4 cxd4 4. Nxd4 Nf6 5. Nc3 Nc6 6. Ndb5 Bb4 7. Bf4 Nxe4 8.
Qf3 d5 9. Nc7+ Kf8 10. Nxa8 e5 11. Bd2 Nd4 12. Qd1 Qh4 13. g3 Qf6 14. Nxe4 Nf3+
15. Qxf3 Qxf3 16. Bxb4+ Kg8 17. Nd6 Qxh1 18. O-O-O Be6 19. Nc7 Qf3 20. Nxe6 fxe6
21. Bh3 Qf6 22. f4 Qh6 23. Bg4 Qg6 24. Bh3 Qh6 25. Bg4 Qg6 26. Bh3 Qh6 27. Bg4
Qg6 28. Bh3 1/2-1/2

[Event "FINAL MISTRZOSTW POLSKI JUNIOROW 2018 - GRUPA  C16"]
[Site "Jastrzebia Gora"]
[Date "1899-12-30"]
[Round "9.13"]
[White "Mike, Patryk"]
[Black "Ossolinski, Ziemowit"]
[Result "1/2-1/2"]
[WhiteTitle "I"]
[BlackTitle "I"]
[WhiteElo "1945"]
[BlackElo "1858"]

1. e4 c5 2. Nf3 e6 3. c4 Nc6 4. Nc3 e5 5. d3 d6 6. Be2 g6 7. h4 h5 8. Nd5 Bg7 9.
a3 Nce7 10. b4 Nxd5 11. cxd5 b6 12. Nd2 f5 13. Nc4 Nf6 14. Bg5 Qc7 15. f3 O-O
16. Be3 Ba6 17. bxc5 bxc5 18. Qa4 Bxc4 19. Qxc4 Rab8 20. O-O Rb2 21. Bd1 Rfb8
22. Ba4 Qa5 23. Bc1 R2b6 24. Rd1 Rb1 25. Rxb1 Rxb1 26. Qc2 Rb8 27. Bd2 Qb6 28.
Kf1 f4 29. Qc4 Nh7 30. Ke2 Bf6 31. Bc2 Qd8 32. Qa6 Qe7 33. Be1 Nf8 34. Ba4 Rb6
35. Qc8 Bxh4 36. Ba5 Qg5 37. g4 Rb2+ 38. Rd2 Rb1 39. Rd1 Rb2+ 40. Rd2 Rb1 1/2-1/2

[Event "FINAL MISTRZOSTW POLSKI JUNIOROW 2018 - GRUPA  C16"]
[Site "Jastrzebia Gora"]
[Date "1899-12-30"]
[Round "9.14"]
[White "Dixa, Oskar"]
[Black "Paliwoda, Borys"]
[Result "1/2-1/2"]
[WhiteTitle "I+"]
[BlackTitle "I"]
[WhiteElo "1775"]
[BlackElo "1912"]

1. e4 c5 2. Nf3 d6 3. d4 cxd4 4. Nxd4 Nf6 5. Nc3 e6 6. Be3 a6 7. f3 b5 8. Qd2 Nbd7
9. O-O-O Nb6 10. Qf2 Nfd7 11. g4 Bb7 12. Bd3 Rc8 13. Nce2 Nc4 14. Bxc4 Rxc4 15.
h4 Qa5 16. Kb1 Be7 17. g5 b4 18. h5 Bxg5 19. Nb3 Qb5 20. Ned4 Rxd4 21. Nxd4 Bxe3
22. Qxe3 Qe5 23. Qd2 a5 24. Nb3 a4 25. Qxb4 axb3 26. Qxb7 bxc2+ 27. Kxc2 Ke7 28.
Qb4 Rb8 29. Qd4 Qf4 30. Kb1 g6 31. hxg6 hxg6 32. Rd2 Rb6 33. Qc3 Nc5 34. Rhd1
Nd7 35. a4 Qe5 36. Qxe5 Nxe5 37. f4 Nc4 38. Re2 Rb4 39. Ka2 Na5 40. b3 Rxb3 41.
e5 d5 1/2-1/2

[Event "FINAL MISTRZOSTW POLSKI JUNIOROW 2018 - GRUPA  C16"]
[Site "Jastrzebia Gora"]
[Date "1899-12-30"]
[Round "9.15"]
[White "Kulesza, Andrzej"]
[Black "Distel, Pawel"]
[Result "0-1"]
[WhiteTitle "I"]
[BlackTitle "I"]
[WhiteElo "1903"]
[BlackElo "1715"]

1. e4 e6 2. d4 d5 3. Nd2 Nf6 4. e5 Nfd7 5. Bd3 c5 6. c3 Nc6 7. Ne2 cxd4 8. cxd4
f6 9. exf6 Nxf6 10. O-O Bd6 11. Nf3 O-O 12. Bf4 Bxf4 13. Nxf4 Ne4 14. Ne2 Rxf3
15. gxf3 Ng5 16. f4 Nh3+ 17. Kg2 Qh4 18. f3 Nxf4+ 19. Nxf4 Qxf4 20. Rc1 Nxd4 21.
Rf2 e5 22. Qd2 Qh4 23. Rg1 Bh3+ 24. Kh1 h6 25. Qe3 Re8 26. f4 Nf5 27. Qc5 e4 28.
Bc2 d4 29. Qd5+ Kh8 30. Qf7 Rd8 31. Re2 Qxf4 32. Bxe4 Ng3+ 33. Rxg3 Qxf7 34. Rf3
d3 35. Rd2 Qc4 36. Bxd3 Qc1+ 37. Bf1 Rxd2 38. Kg1 Rd1 39. Rxh3 Rxf1+ 40. Kg2 Qf4
41. Rg3 Qf2+ 42. Kh3 Rh1 43. Rg2 Qf3+ 44. Rg3 Qh5+ 45. Kg2 Qxh2+ 46. Kf3 Rf1+
47. Kg4 h5+ 48. Kg5 Qxg3+ 49. Kxh5 Rh1# 0-1

[Event "FINAL MISTRZOSTW POLSKI JUNIOROW 2018 - GRUPA  C16"]
[Site "Jastrzebia Gora"]
[Date "1899-12-30"]
[Round "9.16"]
[White "Poziomkowski, Szymon"]
[Black "Kukorowski, Jan"]
[Result "0-1"]
[WhiteTitle "I"]
[BlackTitle "I"]
[WhiteElo "1923"]
[BlackElo "1699"]

1. e4 e6 2. Nf3 d5 3. Nc3 Nf6 4. e5 Nfd7 5. d4 c5 6. dxc5 Nc6 7. Bf4 Bxc5 8. Bd3
f6 9. exf6 Qxf6 10. Bg3 O-O 11. O-O Nde5 12. Nxe5 Nxe5 13. Bxh7+ Kxh7 14. Qh5+
Kg8 15. Qxe5 Qxe5 16. Bxe5 b6 17. Rae1 Ba6 18. Ne2 Rf5 19. Bg3 Rc8 20. c3 d4 21.
b4 d3 22. Nf4 d2 23. bxc5 dxe1=Q 24. Rxe1 Rfxc5 25. Rxe6 Rxc3 26. h4 Rc1+ 27.
Kh2 Ra1 28. Ng6 Kf7 29. Rd6 Rcc1 30. Be5 Rh1+ 31. Kg3 Rxa2 32. Nf4 Ra3+ 33. f3
Re1 34. Rd5 Bc8 35. Bb8 Be6 36. Rd8 Ke7 37. Rd2 Ra2 38. Rd4 b5 39. h5 a5 40. Ng6+
Kf7 41. Rd8 Kf6 42. Bc7 Bf7 43. Nf4 b4 44. Rd7 Re8 45. Kh4 Be6 46. Rd3 b3 47.
Nxe6 b2 48. Rb3 Rxe6 49. g4 Re1 50. g5+ Ke7 51. h6 gxh6 52. gxh6 b1=Q 53. Rxb1
Rxb1 54. h7 Rh1+ 0-1

[Event "FINAL MISTRZOSTW POLSKI JUNIOROW 2018 - GRUPA  C16"]
[Site "Jastrzebia Gora"]
[Date "1899-12-30"]
[Round "9.17"]
[White "Rogala, Milosz"]
[Black "Dzwierzynski, Bartosz"]
[Result "0-1"]
[WhiteTitle "II"]
[BlackTitle "I"]
[WhiteElo "1749"]
[BlackElo "1828"]

1. e4 c5 2. Nf3 d6 3. d4 cxd4 4. Nxd4 Nf6 5. Nc3 g6 6. Be3 Bg7 7. f3 Nc6 8. Qd2
O-O 9. Bc4 Bd7 10. O-O-O Rc8 11. Bb3 Nxd4 12. Bxd4 b5 13. a3 a5 14. Ne2 b4 15.
axb4 axb4 16. Ng3 Qa5 17. Qf2 e5 18. Be3 d5 19. exd5 Qa1+ 20. Kd2 Qxb2 21. Ke1
Bb5 22. Bc1 Qa1 23. Bd2 Qa5 24. Qe3 Rfd8 25. Kf2 Bf8 26. Qe1 Nxd5 27. Ne4 Bc4
28. Bg5 Qb6+ 29. Kg3 f6 30. Rxd5 fxg5 31. Rxd8 Qxd8 32. Qe2 Bxb3 33. cxb3 Qc7
34. Rd1 Qf7 35. Qd2 Be7 36. Qd5 Rc2 37. Qxf7+ Kxf7 38. Rd2 Rxd2 39. Nxd2 Bc5 40.
Ne4 Be3 41. Kh3 Ke6 42. g4 Kd5 43. Kg2 Kd4 44. Kf1 Kd3 45. Ke1 Kc2 46. Ke2 Bf4
47. Nc5 Bxh2 48. Ke3 Bf4+ 49. Ke4 h5 50. gxh5 gxh5 51. Kf5 h4 52. Kg4 Be3 53.
Nd7 Kxb3 54. Nxe5 Kc3 55. Nf7 b3 56. Nd6 b2 0-1

[Event "FINAL MISTRZOSTW POLSKI JUNIOROW 2018 - GRUPA  C16"]
[Site "Jastrzebia Gora"]
[Date "1899-12-30"]
[Round "9.18"]
[White "Iwanczuk, Krzysztof"]
[Black "Strzelecki, Maciej"]
[Result "1/2-1/2"]
[WhiteTitle "II+"]
[BlackTitle "I"]
[WhiteElo "1655"]
[BlackElo "1952"]

1. e4 c5 2. Nf3 d6 3. Bb5+ Nd7 4. d4 cxd4 5. Qxd4 a6 6. Bxd7+ Bxd7 7. Nc3 e5 8.
Qd3 h6 9. O-O Nf6 10. Be3 Be7 11. a4 b6 12. Nd2 Be6 13. Nc4 Bxc4 14. Qxc4 O-O
15. Kh1 Ng4 16. Nd5 Nxe3 17. Nxe3 Bg5 18. Nd5 Kh8 19. g3 f5 20. f4 exf4 21. gxf4
Bf6 22. exf5 Rc8 23. Qd3 Rc5 24. b4 Rxd5 25. Qxd5 Bxa1 26. Rxa1 Qf6 27. Rd1 Qc3
28. Qxd6 Qf3+ 29. Kg1 Qe3+ 30. Kg2 Qe2+ 31. Kg3 Qe3+ 32. Kg2 Qe2+ 33. Kg3 Qe3+
1/2-1/2